| 000 | 00443nam a2200157 i 4500 | ||
|---|---|---|---|
| 001 | 31245 | ||
| 003 | ES-MaACL | ||
| 005 | 20230906154338.0 | ||
| 007 | t| | ||
| 008 | 030128s1928 uy |||| | spa d | ||
| 100 | 1 |
_aBenavente, Manuel. _927445 |
|
| 245 | 1 | 0 |
_aEn la red del silencio _b: (poesías) / _cManuel Benavente. |
| 260 |
_aPaysandú (Uruguay) : _bMartín Vilanova, _c1928. |
||
| 300 |
_a102 p. ; _c18 cm. |
||
| 852 |
_aES-MaACL _jF-11467 |
||
| 999 |
_c31245 _d31245 |
||